02422cam a22003135a 4500999001700000001001000017003000900027005001700036008004100053020002500094040004500119082002000164100004200184245003200226264003400258300002300292336002600315337002800341338002700369520136100396650004201757650003901799650004201838651001001880653003601890655002401926942001201950952014601962 c21913d21885015974191EG-ScBUE20210121133012.0111118s2012 enk f 000 f eng d a9781409112563 (pbk.) aStDuBDSbengerdacStDuBDSdUkdEG-ScBUE04a813.54bCOB2221 aCoben, Harlan,d1962-eauthor.94022710aStay close /cHarlan Coben. 1aLondon :bOrion Books,c2012. a387 pages ;c24 cm 2rdacontentatextbtxt 2rdamediaaunmediatedbn 2rdacarrieravolumebnc aMegan is a suburban soccer mom who once upon a time walked on the wild side. Now she's got two kids, a perfect husband, a house with a picket fence, and a growing sense of dissatisfaction. Ray used to be a talented documentary photographer, but at the age of forty he finds himself in a dead-end job posing as a paparazzo pandering to celebrity-obsessed rich kids. Broome is a detective who can't let go of a cold case - a local husband and father who disappeared seventeen years ago - and spends the anniversary every year visiting a house frozen in time, the missing man's family still waiting, his slippers left by the recliner as if he might show up any moment to step into them. Three people living lives they never wanted, hiding secrets that even those closest to them would never suspect, will find that the past never truly fades away. Even as the terrible consequences of long-ago events crash together in the present and threaten to ruin lives, they will come to the startling realisation that they may not want to forget the past at all. And as each confronts the dark side of the American Dream - the boredom of suburban life, the thrill of temptation, the desperation that can lurk behind even the prettiest facades - they will discover the hard truth that the line between one kind of life and another can be as whisper thin as a heartbeat.  7aSuburban lifevFiction.2BUEsh940228 7aHousewivesvFiction.2BUEsh940229 7aPhotographersvFiction.2BUEsh940230 2BUEsh cJune2016dBestSellersbHHUUEENN vReading book934232 2ddccBB 00102ddc40708ILBaMAINbMAINc2NDd2016-06-19ePurchaseg128.00h8263o813.54 COBp000032711r2025-07-15 00:00:00v160.00w2016-06-19yBB